Stratégia Slovenska: nehrať druhé husle Pracovné sily mnohých tovární tvoria tisíce schopných inžinierov

Investície zo zahraničia prichádzajúce na Slovensko. Celkový objem zahraničných investícií od r. 1989 v porovnaní s ČR. Najväčší zahraniční investori pôsobiaci na Slovensku, perspektívy ďalšieho investovania na východnom Slovensku. Ďalšie oblasti potravinárskeho priemyslu a zbrojárskej techniky, kto...

Full description

Saved in:
Bibliographic Details
Main Author: Zöldy, M.
Format: Book Chapter
Language:Slovak
Subjects:
Tags: Add Tag
No Tags, Be the first to tag this record!

MARC

LEADER 00000naa a2200000 4500
001 r015454
005 20221205091005.2
041 0 |a slo 
044 |a SK 
245 1 0 |a Stratégia Slovenska: nehrať druhé husle  |b Pracovné sily mnohých tovární tvoria tisíce schopných inžinierov  |c M. Zöldy 
520 |a Investície zo zahraničia prichádzajúce na Slovensko. Celkový objem zahraničných investícií od r. 1989 v porovnaní s ČR. Najväčší zahraniční investori pôsobiaci na Slovensku, perspektívy ďalšieho investovania na východnom Slovensku. Ďalšie oblasti potravinárskeho priemyslu a zbrojárskej techniky, ktoré by si mali zaslúžiť pozornosť zahraničných investorov. 
610 2 0 |a investície zo zahraničia 
610 2 0 |a investície zahraničné 
610 2 0 |a Slovensko 
610 2 0 |a investori 
100 1 |a Zöldy, M.